000 00261nmm a2200085Ia 4500
008 220120s9999||||xx |||||||||||||||||und||
100 _aDigit
245 0 _aVisual Novels, Security tools, frontiers and controversies i
260 _aCoorg Institute of Technology
_c2019
999 _c140103
_d140103